| 000 | 00888nam a2200313 a 4500 | ||
|---|---|---|---|
| 003 | AR-BaBNM | ||
| 005 | 20251128204839.0 | ||
| 008 | 082120s2002 ||||||||||||||000 | spa|| | ||
| 020 | _a950-614-370-6 | ||
| 040 | _cAR-BaBNM | ||
| 100 | 1 | _aBaily, Samuel L. | |
| 245 | 0 | 0 | _aMovimiento obrero, nacionalismo y política en la Argentina |
| 260 |
_aBuenos Aires _bHyspamérica _c1985 |
||
| 300 |
_a220 p. _btablas |
||
| 490 | 0 |
_aBiblioteca argentina de historia y política _vv. 11 |
|
| 504 | _aBibliografía: p. 206-220 | ||
| 610 | 2 | 4 | _aPartido Justicialista |
| 650 | 4 | _aHISTORIA ARGENTINA | |
| 650 | 4 | _aNACIONALISMO | |
| 650 | 4 | _aHISTORIA SINDICAL | |
| 650 | 4 | _aSINDICALISMO | |
| 650 | 4 | _aHISTORIA SOCIAL | |
| 651 | 4 | _aArgentina | |
| 653 | _aPERONISMO | ||
| 700 | 1 |
_aCiria, Alberto _etraductor |
|
| 800 | 1 |
_aCostantini, Pablo _edirector |
|
| 942 | _cBK | ||
| 998 | _cEnrique | ||
| 999 |
_c9026 _d9026 |
||